| Registos Bibliográficos associados ao registo de autoridade |
|
Etiqueta de registo: 00000nam 2200025 450 001 1857064 003 http://id.bnportugal.gov.pt/bib/catbnp/1857064 100 ## $a20131127d2013 k y0pory01030103ba 101 0# $aeng r$dpor 102 ## $aPT 105 ## $aa m 000yy 106 ## $ar 200 1# $aMicro-g MEMS accelerometer based on time measurement$fRosana Maria Alves Dias$gorient. Luis Alexandre Machado da Rocha, José Higino Gomes Correia 210 #9 $a[Guimarães$cs.n.],$d2013 215 ## $aXXIII, 169 p.$cil.$d30 cm 215 ## $a1 disco ótico (CD-ROM) em caixa$d13 x 15 x 1 cm 305 ## $aEd. impressa e em CD-ROM 320 ## $aContém bibliografia 328 #1 $aTese dout. Engenharia Electrónica e de Computadores, Escola de Engenharia, Univ. do
Minho, 2013 675 ## $a621.38(043)$vBN$zpor$3335621 675 ## $a681.58(043)$vBN$zpor$3408358 700 #1 $aDias,$bRosana Maria Alves$31557009 702 #1 $aRocha,$bLuís Alexandre$4727$31495804 702 #1 $aCorreia,$bJosé Higino Gomes$4727$31214375 801 #0 $aPT$bBN$gRPC 966 ## $lBN$mDEM$sS.A. 55539 P.$x1 966 ## $lBN$mFGMON$sS.A. 152269 V.$x1
Etiqueta de registo: 00000nam 2200025 450 001 2286111 003 http://id.bnportugal.gov.pt/bib/catbnp/2286111 100 ## $a20260511d2024 k y0pory01030103ba 101 0# $aeng$dpor 102 ## $aPT 105 ## $aa m 000yy 106 ## $ar 200 1# $aMEMS Scasnners with diffractive optical elements for LiDAR applications$fInês Sofia Moreira Garcia$gorient. Jorge Miguel Nunes dos Santos Cabral, Rosana Maria Alves Dias 210 #9 $aPorto$c[s.n.],$d2024 215 ## $aXXVI, 205 p.$cil.$d30 cm 328 #1 $aTese dout. Engenharia Electrónica e de Computadores (PDEEC) (Instrumentação e Microssistemas
Eletránicos), Escola de Engenharia, Universidade do Porto, 2024 700 #1 $aGarcia,$bInês Sofia Moreira$31998095 702 #1 $aCabral,$bJorge Miguel Nunes dos Santos$4727$31709677 702 #1 $aDias,$bRosana Maria Alves$4727$31557009 801 #0 $aPT$bBN$gRPC 966 ## $lBN$mFGMON$x1 971 ## $corlando$d20260511
|
|
|